| 000 | 01132cam a2200325 a 4500 | ||
|---|---|---|---|
| 001 | 16524127 | ||
| 003 | SISC | ||
| 005 | 20170126082420.0 | ||
| 008 | 101029r20112001nyu 001 0 eng | ||
| 010 | _a 2010045295 | ||
| 020 | _a9780230111127 (pbk.) | ||
| 040 |
_aDLC _cDLC _dDLC |
||
| 042 | _apcc | ||
| 050 | 0 | 0 |
_aHD 62.25 _b.A7646 2011 |
| 082 | 0 | 0 | _a658.4/06 |
| 100 | 1 | _aAronoff, Craig E. | |
| 245 | 1 | 0 |
_aMake change your family business tradition / _cCraig E. Aronoff and John L. Ward. |
| 250 | _a1st Palgrave Macmillan edition. | ||
| 260 |
_aNew York : _bPalgrave Macmillan, _c2011. |
||
| 300 |
_a89 pages ; _c21 cm. |
||
| 490 | 0 | _aFamily business leadership series. | |
| 500 | _aOriginally published: Marietta, GA : Family Enterprise Publishers, c2001. | ||
| 500 | _aIncludes index. | ||
| 650 | 0 |
_aFamily-owned business enterprises _xManagement. |
|
| 650 | 0 |
_aSmall business _xManagement. |
|
| 700 | 1 |
_aWard, John L. _d1945- |
|
| 906 |
_a7 _bcbc _corignew _d1 _eecip _f20 _gy-gencatlg |
||
| 942 |
_2lcc _cBK _kFOR |
||
| 999 |
_c275391 _d275391 |
||